Capitals of Oceania - Statistics

General Stats
  • This quiz has been taken 2,864 times
    2,863 since last reset
  • The average score is 10 of 14
Answer Stats
Hint Answer % Correct
Australia Canberra
99%
New Zealand Wellington
91%
Fiji Suva
81%
Papua New Guinea Port Moresby
80%
Samoa Apia
70%
Vanuatu Port Vila
66%
Fed. States of Micronesia Palikir
65%
Tuvalu Funafuti
63%
Kiribati Tarawa
63%
Nauru Yaren
62%
Tonga Nuku'alofa
60%
Solomon Islands Honiara
59%
Marshall Islands Majuro
58%
Palau Ngerulmud
55%
No matching quizzes found
Score Distribution
Percent of People with Each Score
Percentile by Number Answered
Your Score History
You have not taken this quiz since the last reset